1088 ejercicios en circuito
Spremljeno u:
| Glavni autori: | , |
|---|---|
| Format: | Knjiga |
| Jezik: | španjolski |
| Izdano: |
Barcelona
Paidotribo
2006
|
| Izdanje: | 7a. ed |
| Serija: | Colección Deporte
|
| Teme: | |
| Oznake: |
Dodaj oznaku
Bez oznaka, Budi prvi tko označuje ovaj zapis!
|
MARC
| LEADER | 00000cam a2200000 a 4500 | ||
|---|---|---|---|
| 001 | UCG3092 | ||
| 003 | CL-VaPUC | ||
| 008 | 100812e20060000SP |||||||||||||||||spa|d | ||
| 020 | |a 8480190205 | ||
| 082 | 0 | 4 | |a 796.44 |b SAU |2 21 |
| 100 | 0 | |a Saura Aranda, Jeroni |e author |9 551933 | |
| 700 | 0 | |a Solé Cases, Rosa |e author |9 551934 | |
| 245 | 1 | 0 | |a 1088 ejercicios en circuito |
| 250 | |a 7a. ed | ||
| 300 | |a 311 p | ||
| 942 | |c BK | ||
| 945 | |d 20100812 00:00:00 |a dcastane | ||
| 260 | |a Barcelona |b Paidotribo |c 2006 | ||
| 650 | 7 | |a GIMNASIA |2 CL-VaPUC |9 307275 | |
| 650 | 7 | |a ENTRENAMIENTO ATLETICO |2 CL-VaPUC |9 551935 | |
| 583 | |a last modification |c 20170309 06:10:45 |k Rodrigo Vera | ||
| 490 | 0 | |a Colección Deporte | |
| 999 | |c 342190 |d 342188 | ||
| 952 | |0 0 |1 0 |4 0 |6 796_440000000000000_SAU_2006 |7 0 |8 C |9 438240 |a BIBCUR |b BIBCUR |d 2019-11-22 |i 4702182 |o 796.44 SAU 2006 |p 4702182 |r 2025-04-22 |w 2019-11-22 |y BK |k DEN | ||
| 952 | |0 0 |1 0 |3 erb |4 0 |6 796_440000000000000_SAU_2006 |7 0 |8 A |9 438241 |a BIBEDU |b BIBEDU |i 5364973 |l 1 |o 796.44 SAU 2006 |p 5364973 |r 2024-04-22 |s 2024-04-15 |w 2019-11-22 |y BK |z Catalogado en:20170317 |k EFI | ||